| 000 | 00706nam a2200241Ia 4500 | ||
|---|---|---|---|
| 003 | GCL | ||
| 008 | 140319s9999 xx 000 0 ara d | ||
| 040 |
_aGCL / _cGCL |
||
| 082 | 0 | 4 |
_a953 _bا ف |
| 100 | 1 | _aاحمد امين | |
| 245 | 1 | 0 |
_aفجر الاسلام / _cاحمد امين |
| 300 | _a332 ص | ||
| 490 |
_aمكتبة الاسرة _v0 |
||
| 650 | 0 | 4 | _aالجاهلية |
| 650 | 0 | 4 | _aالعرب قبل الاسلام |
| 650 | 0 | 4 | _aالشريعة الاسلامية |
| 650 | 0 | 4 | _aالتاريخ الاسلامى |
| 650 | 0 | 4 | _aالتاريخ |
| 650 | 0 | 4 | _aالقبائل العربية |
| 650 | 0 | 4 | _aالفرق الدينية |
| 650 | 0 | 4 | _aالقران - تفاسير |
| 942 |
_2ddc _cBK |
||
| 999 |
_c50704 _d50704 |
||